00353nam a2200133Ia 4500008004100000041000800041082001600049100001700065245004500082250000900127260004000136300003200176365001100208240624s9999 xx 000 0 und d aeng a332 .01 WIL aWILLIAMS R J aINTRODUCTION TO THE MATHEMATICS OF FINAN ae 72 c2011aHyderabadbUniversities Press aviii, : 150 : p. : cm. ; 24 cRSb25